000
00217 a2200109 4500
001
68552
040
_c
Anchieta - Itaigara
240
1
0
_a
Shrek
_l
245
1
0
_a
Shrek
650
4
_a
Literatura infanto-juvenil
942
_c
MU
999
_c
68552
_d
68552